Signs of recovery from manufacturing recession (Record no. 70078)
[ view plain ]
| 000 -LEADER | |
|---|---|
| fixed length control field | 01086cam a2200229 4500 |
| 001 - CONTROL NUMBER | |
| control field | WB3815-12 |
| 008 - FIXED-LENGTH DATA ELEMENTS--GENERAL INFORMATION | |
| fixed length control field | 020425n2002 000 0 eng u |
| 035 ## - SYSTEM CONTROL NUMBER | |
| System control number | (Sirsi) u117681 |
| 245 ## - TITLE STATEMENT | |
| Title | Signs of recovery from manufacturing recession |
| 260 ## - PUBLICATION, DISTRIBUTION, ETC. | |
| Date of publication, distribution, etc. | 2002 |
| 490 ## - SERIES STATEMENT | |
| Series statement | CBI News Release |
| Volume/sequential designation | 23 April 2002 (3) |
| 520 ## - SUMMARY, ETC. | |
| Summary, etc. | The latest "Quarterly industrial trends survey" from the CBI reports manufacturers business confidence has risen for the first time in more than two years, showing the first signs of recovery from recession. Although the decline in orders, output and employment continued over the past four months. CBI believe the rise in optimism is driven by expected improvements in global trading conditions. http://www.cbi.org.uk/ndbs/press.nsf/0363c1f07c6ca12a8025671c00381cc7/a065e5ff63b218d480256b9e0036e02d?OpenDocument |
| 590 ## - LOCAL NOTE (RLIN) | |
| Local note | WB |
| 650 ## - SUBJECT ADDED ENTRY--TOPICAL TERM | |
| Topical term or geographic name entry element | CBI |
| 650 ## - SUBJECT ADDED ENTRY--TOPICAL TERM | |
| Topical term or geographic name entry element | MANUFACTURING INDUSTRY |
| 650 ## - SUBJECT ADDED ENTRY--TOPICAL TERM | |
| Topical term or geographic name entry element | BUSINESS CONFIDENCE |
| 650 ## - SUBJECT ADDED ENTRY--TOPICAL TERM | |
| Topical term or geographic name entry element | RECESSION |
| 650 ## - SUBJECT ADDED ENTRY--TOPICAL TERM | |
| Topical term or geographic name entry element | ECONOMIC RECOVERY |
| 650 ## - SUBJECT ADDED ENTRY--TOPICAL TERM | |
| Topical term or geographic name entry element | INDUSTRIAL TRENDS |
| 690 ## - LOCAL SUBJECT ADDED ENTRY--TOPICAL TERM (OCLC, RLIN) | |
| Topical term or geographic name as entry element | ECONOMIC ISSUES |
| 942 ## - ADDED ENTRY ELEMENTS (KOHA) | |
| Suppress in OPAC | 0 |
| Withdrawn status | Lost status | Source of classification or shelving scheme | Damaged status | Not for loan | Home library | Current library | Shelving location | Date acquired | Total Checkouts | Full call number | Barcode | Date last seen | Copy number | Price effective from | Koha item type |
|---|---|---|---|---|---|---|---|---|---|---|---|---|---|---|---|
| Dewey Decimal Classification | London | London | News article | 25/04/2002 | WB3815-12 | 117681-1001 | 06/08/2019 | 1 | 06/08/2019 | News article |